000 00259nam a2200109Ia 4500
008 190914s9999||||xx |||||||||||||| ||und||
100 _aDoctor Siddiqa Arman
245 0 _aSad Khalish
260 _aKarachi
_bLibrary Promotion
_c2001
300 _a452
942 _cBK
999 _c8672
_d8672